LEADER 01738nam a2200361 a 4500 001 000000174110 003 CaOOAMICUS 005 20210111100718.0 008 210111s2020 it o u000 u ita r 020 $a978-88-308-1768-5* 032 $aLibriCat 040 $aPUL$bita 082 04$a232 100 1 $aCiola, Nicola,$csacerdote,$d1952-$0(OLS)http://pul/name/1596 245 10$aAl centro il sacerdozio di Cristo : $bla spiritualità della venerabile Maria Bordoni e i suoi riflessi nella teologia di Marcello Bordoni /$cNicola Ciola. 260 $aAssisi :$bCittadella,$c©2020. 300 $a373 p. :$bfotogr.;$c21 cm 490 1 $aStudi cristologici. Nuova serie 504 $aBibliografia in nota a piè pagina. 600 14$aBordoni, Maria C.$0(OLS)http://pul/subject/43120 650 4$aCristologia.$0(OLS)http://pul/subject/1402 830 0$aStudi cristologici.$pNuova serie.$0(OLS)http://pul/title/179467 850 $aPUL 852 $aPUL$W1$xDP2 Religione 3$y114$m282. 092 CIONI 1B$j199059$qDDC 21$B203703$CPULBib$Z2$F203703 $H135218 $82 852 $aPUL$W1$xSL Religione 3$y85$m282. 092 CIONI 1$j198391$qDDC 21$B202995$CPULBib$Z2$F202995 $H134677 $82 941 1 $a9 960 $aIesus Christus$91402 960 $aIesus Christus$91402 996 $6020$a978-88-308-1768-5*$9(OLS)http://pul/number/167942 996 $6082$a232$9(OLS)http://pul/classification/381 996 $6245$aAl centro il sacerdozio di Cristo : $bla spiritualità della venerabile Maria Bordoni e i suoi riflessi nella teologia di Marcello Bordoni$9(OLS)http://pul/title/215334 996 $6260$aAssisi :$bCittadella$9(OLS)http://pul/publisher/49668 LEADER 01739nam a2200361 a 4500 001 000000128945 003 CaOOAMICUS 005 20130408163546.0 008 120518s2011 it u000 u ita r 020 $a978-88-13-31706-5 040 $aPUL$bita 082 04$a345.4505 100 1 $aCrespi, Alberto.$0(OLS)http://pul/name/15775 245 10$aCommentario breve al Codice penale :$bcomplemento giurisprudenziale /$cAlberto Crespi, Giuseppe Zuccalà, Gabrio Forti ; a cura di Giuseppe Zuccalà ; con la collaborazione di Aurelio Barazzetta ... [et al.]. 250 $a12. ed. con acluso CD contenente il testo completo delle più recenti sentenze richiamate. 260 $aPadova :$bCEDAM,$c2011. 300 $aXXXII, 2821 p. ;$c24 cm+$e1 Cd-Rom 490 1 $aBreviaria Iuris 500 $aTesto su due colonne. 630 04$aCodice penale$zItalia.$0(OLS)http://pul/subject/12325 650 4$aDiritto penale$zItalia.$0(OLS)http://pul/subject/10217 700 1 $aForti, Gabrio,$d1953-$0(OLS)http://pul/name/69491 700 1 $aZuccalà, Giuseppe.$0(OLS)http://pul/name/15776 700 1 $aBarazzetta, Aurelio.$0(OLS)http://pul/name/40837 830 0$aBreviaria Iuris.$0(OLS)http://pul/title/8521 850 $aPUL 852 $aPUL$W1$xDP2 Diritto e Scienze Sociali 3$y110$m348. 45 BCOLL 39$j149335$qDDC 21$B147858$CPULBib$Z2$F147858 $H119630 $82 941 1 $a9 996 $6020$a978-88-13-31706-5$9(OLS)http://pul/number/149721 996 $6082$a345.4505$9(OLS)http://pul/classification/385 996 $6245$aCommentario breve al Codice penale :$bcomplemento giurisprudenziale$9(OLS)http://pul/title/64872 996 $6260$aPadova :$bCEDAM$9(OLS)http://pul/publisher/48126